Project maturity and competence interface (Record no. 67719)
[ view plain ]
| 000 -LEADER | |
|---|---|
| fixed length control field | 01098cam a2200229 4500 |
| 001 - CONTROL NUMBER | |
| control field | X113644 |
| 008 - FIXED-LENGTH DATA ELEMENTS--GENERAL INFORMATION | |
| fixed length control field | 010712n2001 000 0 eng u |
| 035 ## - SYSTEM CONTROL NUMBER | |
| System control number | (Sirsi) u113644 |
| 100 ## - MAIN ENTRY--PERSONAL NAME | |
| Personal name | Skulmoski, G. |
| 245 ## - TITLE STATEMENT | |
| Title | Project maturity and competence interface |
| 260 ## - PUBLICATION, DISTRIBUTION, ETC. | |
| Date of publication, distribution, etc. | 2001 |
| 490 ## - SERIES STATEMENT | |
| Series statement | Cost Engineering |
| Volume/sequential designation | 43(6) June 2001, 11-18(8) |
| 520 ## - SUMMARY, ETC. | |
| Summary, etc. | Responds to recommendation of the adoption of various organisational project management maturity models for international certification of project competence by suggesting that the models are flawed and fail to recognise the importance of cost engineering principals. Proposes as an alternative a competency and maturity framework which is applied to human resource management in projects to demonstrate the relationship between the two concepts. Tables, diagrams, references. |
| 650 ## - SUBJECT ADDED ENTRY--TOPICAL TERM | |
| Topical term or geographic name entry element | CERTIFICATION |
| 650 ## - SUBJECT ADDED ENTRY--TOPICAL TERM | |
| Topical term or geographic name entry element | COMPETENCE |
| 650 ## - SUBJECT ADDED ENTRY--TOPICAL TERM | |
| Topical term or geographic name entry element | COST ENGINEERING |
| 650 ## - SUBJECT ADDED ENTRY--TOPICAL TERM | |
| Topical term or geographic name entry element | HUMAN RESOURCES |
| 650 ## - SUBJECT ADDED ENTRY--TOPICAL TERM | |
| Topical term or geographic name entry element | PERSONNEL MANAGEMENT |
| 650 ## - SUBJECT ADDED ENTRY--TOPICAL TERM | |
| Topical term or geographic name entry element | PROJECT MATURITY AND COMPETENCE INTERFACE |
| 690 ## - LOCAL SUBJECT ADDED ENTRY--TOPICAL TERM (OCLC, RLIN) | |
| Topical term or geographic name as entry element | Project management |
| 9 (RLIN) | 6261 |
| 942 ## - ADDED ENTRY ELEMENTS (KOHA) | |
| Suppress in OPAC | 0 |
| Withdrawn status | Lost status | Source of classification or shelving scheme | Damaged status | Not for loan | Home library | Current library | Shelving location | Date acquired | Total Checkouts | Full call number | Barcode | Date last seen | Copy number | Price effective from | Koha item type |
|---|---|---|---|---|---|---|---|---|---|---|---|---|---|---|---|
| Dewey Decimal Classification | London | London | Journal article | 12/07/2001 | X113644 | 113644-1001 | 06/08/2019 | 1 | 06/08/2019 | Journal article |